| 000 | 00333nam a2200145Ia 4500 | ||
|---|---|---|---|
| 008 | 230917s9999||||xx |||||||||||||| ||und|| | ||
| 040 |
_e125504 _aMAIN |
||
| 041 | _aEnglish | ||
| 082 | _a823.7 D555H | ||
| 100 | _aDickens, Charles | ||
| 245 | 0 | _aHard Times | |
| 260 |
_aDelhi _bMacmillan _c2001 |
||
| 300 | _a260p p. | ||
| 942 | _cBK | ||
| 999 |
_c148139 _d148139 |
||